| 000 | 00715nam a2200217 4500 | ||
|---|---|---|---|
| 001 | 148286 | ||
| 003 | ES-MaACL | ||
| 005 | 20250824065300.0 | ||
| 007 | t| | ||
| 008 | 070214s1969 sp r ||||1| spa d | ||
| 100 | 1 |
_aStoppard, Tom. _9108320 |
|
| 245 | 1 | 0 |
_aRosencrantz y Guildenstern han muerto / _cTom Stoppard ; traducción de Álvaro del Amo. |
| 260 |
_aMadrid : _bCuadernos para el Diálogo, _c1969. |
||
| 300 |
_a104 p. ; _c18 cm. |
||
| 490 | 1 |
_aLibros de teatro ; _v15 |
|
| 700 | 1 |
_aAmo, Álvaro del. _921269 |
|
| 710 | 2 |
_aCuadernos para el Diálogo. _93333 |
|
| 830 | 1 | 0 |
_aLibros de teatro (Cuadernos para el Diálogo) _v15 _9180757 |
| 852 |
_aES-MaACL _jC-37050 |
||
| 999 |
_c148286 _d148286 |
||